Pääkaupunkeja lippujen mukaan #2 - Statistics

Yleistilastot
  • Tätä visaa on pelattu 432 kertaa
  • Keskiarvotulos 13 / 20
Vastaustilastot
Kuvavisa Vastaus % Oikein
Lontoo
99%
Rooma
99%
Tokio
99%
Tukholma
98%
Bryssel
86%
Wellington
71%
Havanna
67%
Nairobi
65%
Sarajevo
64%
Pjongjang
63%
Teheran
58%
Kathmandu
56%
Taipei
56%
Tunis
56%
Astana
52%
Dhaka
46%
Tripoli
45%
Quito
42%
Kinshasa
40%
Suva
26%
Ehtoja vastaavia visoja ei löytynyt
Tulosjakauma
Jokaisen tuloksen saaneiden osuus
Persentiili vastausten määrän mukaan
Tuloshistoriasi
Et ole pelannut tätä visaa